000 00751nam a22002177a 4500
003 OSt
005 20260123084704.0
008 230703b ||||| |||| 00| 0 eng d
040 _cSSBUL
041 _ashan
082 _223
_a959.195919
100 0 _aမိူင်းၶမ်း(ၶိူဝ်းသၢင်) မိူင်းဝၼ်း။
_927207
245 1 0 _aပိုၼ်းတႆးမၢဝ်ႇဢၢႆႈလူင် /
_cမိူင်းၶမ်း(ၶိူဝ်းသၢင်)။
260 _c2001 ။
300 _aၺ၊ 164 ၼႃႈ၊
_c20 ၸိၼ်ႇတီႇ။
500 _aS-SAT: Dr. Prof Sai Aung Tun
650 _aပိုၼ်းတႆး
_920580
942 _cBK
942 _2ddc
942 _2ddc
999 _c26680
_d26680